| 000 | 00907cam a2200301Ia 4500 | ||
|---|---|---|---|
| 001 | 42888 | ||
| 005 | 20230410103916.0 | ||
| 008 | 980618s1977 mx 000 0 spa d | ||
| 035 | _a(OCoLC)ocm39312982 | ||
| 040 |
_aDQ$ _cDQ$ _dOCL _dEL$ _dOCL _dOCLCQ |
||
| 035 | _a(OCoLC)39312982 | ||
| 043 | _an-us--- | ||
| 050 | 1 | 4 |
_a438 DS 553.1 _bV872g 1977 |
| 049 | _aGRAL | ||
| 100 | 1 |
_aVo, Nguyen Giap, _d1912- |
|
| 245 | 1 | 0 |
_aGuerra del pueblo, ejército del pueblo _b(Dien Bien Fu) / _cVo Nguyen Giap ; Prólogo de Ernesto Che Guevara. |
| 250 | _a2a ed. | ||
| 260 |
_aMéxico : _bEdiciones Era, _c1977. |
||
| 300 |
_a215 p. ; _c18 cm. |
||
| 490 | 0 |
_aSerie popular Era, _v10 |
|
| 651 | 0 |
_aIndochina _xHistory _y1945- |
|
| 651 | 0 |
_aVietnam (Democratic Republic) _xHistory. |
|
| 651 | 0 | _aDien Bien Fu. (Vietnam) | |
| 740 | 0 | 1 | _aDien Bien Fu. |
| 942 |
_2lcc _cbk |
||
| 946 | _ajoacosta | ||
| 994 |
_aC0 _bDRFGD |
||
| 999 |
_c28219 _d28219 |
||